Countries: No Vowels 2 - Statistics

General Stats
  • This quiz has been taken 49 times
  • The average score is 11 of 15
Answer Stats
Consonants Country % Correct
FGHNSTN AFGHANISTAN
100%
BRZL BRAZIL
100%
UNTDKNGDM UNITED KINGDOM
100%
SNGPR SINGAPORE
96%
TNZN TANZANIA
96%
SLVN SLOVENIA
89%
RSS RUSSIA
87%
LBR LIBERIA
80%
SRNM SURINAME
73%
THBHMS THE BAHAMAS
73%
SCHLLS SEYCHELLES
67%
PPNWGN PAPUA NEW GUINEA
62%
VRYCST IVORY COAST
56%
NDNS INDONESIA
38%
STTMR EAST TIMOR
24%
No matching quizzes found
Score Distribution
Percent of People with Each Score
Percentile by Number Answered
Your Score History
You have not taken this quiz